000 00301nam a22001337a 4500
008 170928b xxu||||| |||| 00| 0 eng d
020 _a9780534394028
041 _aeng
080 _23 ED
_a37
100 _a47
101 _aEDU
245 _aSEEING THROUGH STATISTIC
_cUTTS.J.M
942 _2udc
_cBK
999 _c30564
_d30564